Statistiche per Riconosci la Squadra di calcio - Quiz n°2

Clicka qui per fare il quiz!

Statistiche generali

  • Questo quiz è stato fatto 35 volte
  • Il punteggio medio è 10 su 11

Statistiche sulle risposte

IndizioRisposta% Corretto
Titoli nazionali0
100%
Colori socialiBianco, nero
97%
Trofei internazionali0
87%
Trofei nazionali1 Coppe Italia Serie C/Lega Pro
87%
SimboliCavalluccio marino
87%
Divisione nazionale 2023-2024Terza
87%
ConfederazioneUEFA
87%
Fondazione1940
81%
Rifondazione2018
81%
Capienza Stadio20 194 posti
81%
SquadraCesena
77%

Distribuzione punteggi

Percentile per numero di risposta

Percentuale di utenti per punteggio

I tuoi punteggi nel tempo

Non hai fatto questo quiz